LIBRARY & INFORMATION CENTRE, KCAET, TAVANUR

ONLINE PUBLIC ACCESS CATALOGUE (OPAC)

Basics of mechanical engineering (Record no. 13650)

MARC details
000 -LEADER
fixed length control field 00369nam a22001457a 4500
020 ## - INTERNATIONAL STANDARD BOOK NUMBER
ISBN 9788189866204
082 ## - DEWEY DECIMAL CLASSIFICATION NUMBER
Classification number 621.8
Item number SIN/BA
100 ## - MAIN ENTRY--AUTHOR NAME
Personal name Singal, R.K
245 ## - TITLE STATEMENT
Title Basics of mechanical engineering
260 ## - PUBLICATION, DISTRIBUTION, ETC. (IMPRINT)
Place of publication New Delhi
Name of publisher I.K International Publishing House Pvt. Ltd.
Year of publication 2012
300 ## - PHYSICAL DESCRIPTION
Number of Pages 614
700 ## - ADDED ENTRY--PERSONAL NAME
Personal name Singal, Mridul
700 ## - ADDED ENTRY--PERSONAL NAME
Personal name Sigal, Rishi
942 ## - ADDED ENTRY ELEMENTS (KOHA)
Koha item type Books
Holdings
Withdrawn status Lost status Damaged status Collection code Home library Current library Shelving location Date acquired Source of acquisition Cost, normal purchase price Full call number Accession Number Koha item type
      Non-fiction KAUAET KAUAET General Stacks 31/03/2012 Cosmo Books, Calicut 395.00 621.8 SIN/BA 22296 Books
free website counter